Encyclopaedia of internet and web, Volume-2 (F-M) (Record no. 61336)
[ view plain ]
| 000 -LEADER | |
|---|---|
| fixed length control field | 00746nam a22001937a 4500 |
| 003 - CONTROL NUMBER IDENTIFIER | |
| control field | NUST-PNEC |
| 005 - DATE AND TIME OF LATEST TRANSACTION | |
| control field | 20170116180720.0 |
| 008 - FIXED-LENGTH DATA ELEMENTS--GENERAL INFORMATION | |
| fixed length control field | 141024b xxu||||| |||| 00| 0 eng d |
| 020 ## - INTERNATIONAL STANDARD BOOK NUMBER | |
| International Standard Book Number | 8178900432 |
| 040 ## - CATALOGING SOURCE | |
| Transcribing agency | PNEC |
| 082 ## - DEWEY DECIMAL CLASSIFICATION NUMBER | |
| Classification number | 004.6780 WAL |
| 100 ## - MAIN ENTRY--PERSONAL NAME | |
| 9 (RLIN) | 813 |
| Personal name | Walter M |
| 245 ## - TITLE STATEMENT | |
| Title | Encyclopaedia of internet and web, Volume-2 (F-M) |
| Statement of responsibility, etc. | M Walter |
| 260 ## - PUBLICATION, DISTRIBUTION, ETC. | |
| Place of publication, distribution, etc. | Delhi : |
| Name of publisher, distributor, etc. | IVY Publishing House, |
| Date of publication, distribution, etc. | c.2002. |
| 300 ## - PHYSICAL DESCRIPTION | |
| Extent | 3 v, 514p. : |
| Dimensions | 22 cm. |
| 500 ## - GENERAL NOTE | |
| General note | https://www.worldcat.org/title/encyclopaedia-of-internet-and-web/oclc/225739087&referer=brief_results http://www.amazon.com/Encyclopaedia-of-internet-and-Web/dp/8178900432/ref=sr_1_1?s=books&ie=UTF8&qid=1414154870&sr=1-1&keywords=8178900432 |
| 650 ## - SUBJECT ADDED ENTRY--TOPICAL TERM | |
| Form subdivision | Encyclopaedia |
| 942 ## - ADDED ENTRY ELEMENTS (KOHA) | |
| Source of classification or shelving scheme | |
| Koha item type | Book |
| Withdrawn status | Lost status | Source of classification or shelving scheme | Damaged status | Not for loan | Permanent Location | Current Location | Shelving location | Date acquired | Source of acquisition | Cost, normal purchase price | Total Checkouts | Full call number | Barcode | Date last seen | Cost, replacement price | Price effective from | Koha item type |
|---|---|---|---|---|---|---|---|---|---|---|---|---|---|---|---|---|---|
| Pakistan Navy Engineering College (PNEC) | Pakistan Navy Engineering College (PNEC) | Reference | 05/04/2004 | Royal Book Company | 826.00 | 004.6780 WAL | PNECLIB-026498 | 10/24/2014 | 826.00 | 05/04/2004 | Book |
